| 000 | 00809nam a2200205Ii 4500 | ||
|---|---|---|---|
| 003 | JO-AjNU | ||
| 008 | 230605s9999||||xx |||||||||||||| ||und|| | ||
| 040 |
_aJO-AjNU _bara _erda _cJO-AjNU |
||
| 041 | _aara | ||
| 050 | 1 | 4 | _aHD30.28.K4264 2004 |
| 100 | 3 |
_aالخفاجي، عباس خضير, _eauthor _957269 |
|
| 245 | 0 | 0 | _aالادارة الاستراتيجية : المدخل والمفاهيم والعمليات |
| 250 | _aط1 | ||
| 264 | 3 | 1 | _aعمان: مكتبة دار الثقافة للنشر والتوزيع، 2004 |
| 300 |
_a270ص _bيحتوي ببلوغرافية من ص 269-270ص |
||
| 336 |
_atext _btxt _2rdacontent |
||
| 337 |
_aunmediated _bn _2rdamedia |
||
| 338 |
_avolume _bnc _2rdacarrier |
||
| 650 | 4 |
_aالتخطيط الاداري- الادارة الاستراتيجية _957270 |
|
| 999 |
_aA25652 _c29220 _d29220 |
||